[Event "Matinhos Caioba op"]
[Site "Matinhos"]
[Date "2015.08.15"]
[Round "4"]
[White "Cubas, Jose Fernando"]
[Black "Cruz, William Ferreira Da"]
[Result "0-1"]
[WhiteElo "2413"]
[BlackElo "2239"]
[PlyCount "90"]
[EventDate "2015.08.14"]
[EventType "swiss"]
[EventRounds "6"]
[EventCountry "BRA"]
[SourceTitle "EXT 2016"]
[Source "ChessBase"]
[SourceDate "2015.10.08"]
[SourceVersion "1"]
[SourceVersionDate "2015.10.08"]
[SourceQuality "1"]

1. Nf3 Nf6 2. g3 g6 3. Bg2 Bg7 4. c4 d6 5. Nc3 O-O 6. O-O e5 7. d3 Nc6 8. Rb1
a5 9. a3 h6 10. b4 axb4 11. axb4 Be6 12. b5 Ne7 13. Bb2 Qc8 14. Re1 Bh3 15. Bh1
Ng4 16. Qb3 Kh8 17. Ne4 f5 18. Neg5 hxg5 19. Nxg5 Nxf2 20. Kxf2 f4 21. Bf3 Bh6
22. Nxh3 Qxh3 23. Rh1 Nf5 24. Rbg1 g5 25. Ke1 g4 26. Bxb7 f3 27. exf3 gxf3 28.
Bxf3 Nd4 29. Bxd4 Rxf3 30. Qd1 Raf8 31. Ba7 Qf5 32. Qe2 Qg5 33. Qd1 e4 34. Bd4+
Kg8 35. h4 Re3+ 36. Kd2 Rxd3+ 37. Kc2 Rd2+ 38. Kc3 Qg6 39. Qxd2 Bxd2+ 40. Kxd2
Rf3 41. Be3 Qf7 42. Rc1 d5 43. Rc3 d4 44. Bxd4 Rxc3 45. Bxc3 Qf2+ 0-1

[Event "Matinhos Caioba op"]
[Site "Matinhos"]
[Date "2015.08.16"]
[Round "5"]
[White "Brusamolin, Valerio"]
[Black "Cubas, Jose Fernando"]
[Result "1/2-1/2"]
[WhiteElo "2107"]
[BlackElo "2413"]
[PlyCount "113"]
[EventDate "2015.08.14"]
[EventType "swiss"]
[EventRounds "6"]
[EventCountry "BRA"]
[SourceTitle "EXT 2016"]
[Source "ChessBase"]
[SourceDate "2015.10.08"]
[SourceVersion "1"]
[SourceVersionDate "2015.10.08"]
[SourceQuality "1"]

1. d4 Nf6 2. c4 e6 3. Nf3 c5 4. Nc3 cxd4 5. Nxd4 Bb4 6. Qc2 Qb6 7. e3 Nc6 8. a3
Be7 9. Nf3 d5 10. Na4 Qc7 11. cxd5 Nxd5 12. Bd3 Bd7 13. O-O Rc8 14. Nc3 Nxc3
15. Qxc3 Bf6 16. Qc2 Ne5 17. Qxc7 Nxf3+ 18. gxf3 Rxc7 19. Rb1 O-O 20. Rd1 Rfc8
21. b3 Bc6 22. Kg2 Rd7 23. Be2 Rxd1 24. Bxd1 Bb5 25. Bb2 Bxb2 26. Rxb2 g5 27.
Be2 Bxe2 28. Rxe2 Rc3 29. Rb2 b5 30. Kf1 Kg7 31. Ke2 a5 32. Kd2 b4 33. axb4
axb4 34. Ke2 Kg6 35. Kf1 h5 36. Kg2 f5 37. h4 gxh4 38. f4 Kf6 39. Kh3 Rc1 40.
Kxh4 Rh1+ 41. Kg3 Ke7 42. Rd2 Rb1 43. Rd3 Kf6 44. Kh4 Kg6 45. Kg3 Kf7 46. Kh4
Kf6 47. Kg3 Rb2 48. f3 Kg6 49. Kh4 Rc2 50. Rd4 Rc3 51. Rxb4 Rxe3 52. Kg3 h4+
53. Kf2 Rc3 54. Rb6 Rc2+ 55. Kg1 Kf6 56. Rb8 Kg7 57. Rb6 1/2-1/2

[Event "Matinhos Caioba op"]
[Site "Matinhos"]
[Date "2015.08.16"]
[Round "6"]
[White "Cubas, Jose Fernando"]
[Black "Ueti, Silvio Shigeo"]
[Result "1-0"]
[WhiteElo "2413"]
[BlackElo "2080"]
[PlyCount "89"]
[EventDate "2015.08.14"]
[EventType "swiss"]
[EventRounds "6"]
[EventCountry "BRA"]
[SourceTitle "EXT 2016"]
[Source "ChessBase"]
[SourceDate "2015.10.08"]
[SourceVersion "1"]
[SourceVersionDate "2015.10.08"]
[SourceQuality "1"]

1. e4 c5 2. Nf3 e6 3. d4 cxd4 4. Nxd4 a6 5. Nc3 Qc7 6. Bd3 Nf6 7. O-O Bc5 8.
Nb3 Be7 9. a4 d6 10. a5 O-O 11. Be3 Nbd7 12. f4 Nc5 13. Qf3 Nxb3 14. cxb3 Bd7
15. Bb6 Qb8 16. Rae1 Bc6 17. Qh3 e5 18. fxe5 dxe5 19. Bc4 Qc8 20. Qg3 Nd7 21.
Be3 Qc7 22. Bh6 g6 23. Nd5 Bxd5 24. Bxd5 Qxa5 25. Kh1 Qb6 26. h3 Rad8 27. Rd1
Bf6 28. Bxf8 Nxf8 29. Qf2 Rd6 30. Qxb6 Rxb6 31. Rc1 Kg7 32. Rc7 Ne6 33. Rxb7
Rxb7 34. Bxb7 Bd8 35. Bd5 Nf4 36. Bc4 a5 37. Kh2 f6 38. Rd1 Bb6 39. Rd7+ Kh6
40. g3 Nh5 41. Bg8 Bf2 42. h4 g5 43. Rxh7+ Kg6 44. g4 Bg3+ 45. Kh1 1-0

[Event "Matinhos Caioba-ch"]
[Site "Matinhos"]
[Date "2015.08.28"]
[Round "1"]
[White "Cubas, Jose Fernando"]
[Black "Ikeda, Vinicius Yasuto"]
[Result "1-0"]
[WhiteElo "2413"]
[BlackElo "1927"]
[PlyCount "91"]
[EventDate "2015.08.28"]
[EventType "swiss"]
[EventRounds "6"]
[EventCountry "BRA"]
[SourceTitle "EXT 2016"]
[Source "ChessBase"]
[SourceDate "2015.10.08"]
[SourceVersion "1"]
[SourceVersionDate "2015.10.08"]
[SourceQuality "1"]

1. e4 e5 2. Nf3 Nc6 3. Bc4 Bc5 4. c3 d6 5. d4 exd4 6. cxd4 Bb4+ 7. Nc3 Bxc3+ 8.
bxc3 h6 9. O-O Nge7 10. Re1 O-O 11. Bb2 Rb8 12. a4 Bg4 13. h3 Bh5 14. Bf1 a5
15. g4 Bg6 16. d5 Ne5 17. Nd2 Nd7 18. c4 Nc5 19. e5 Nd3 20. Bxd3 Bxd3 21. Qf3
Bh7 22. Qc3 f6 23. exf6 Rxf6 24. Re6 Rf7 25. f4 Ng6 26. f5 Ne5 27. Nf3 Nxf3+
28. Qxf3 Qg5 29. Bc1 Qh4 30. Ra2 Rbf8 31. Rg2 Qd8 32. Bb2 b6 33. Qe3 Rd7 34.
Kh2 Qh4 35. Re2 Rdf7 36. Re4 Qg5 37. Qxg5 hxg5 38. Re6 Rd7 39. Bc1 Rc8 40. Bxg5
c6 41. dxc6 Rxc6 42. Re8+ Kf7 43. Rb8 g6 44. f6 Rc5 45. Re7+ Rxe7 46. fxe7 1-0

[Event "Matinhos Caioba-ch"]
[Site "Matinhos"]
[Date "2015.08.28"]
[Round "2"]
[White "Broday, Gabriel Renan"]
[Black "Cubas, Jose Fernando"]
[Result "0-1"]
[WhiteElo "2084"]
[BlackElo "2413"]
[PlyCount "68"]
[EventDate "2015.08.28"]
[EventType "swiss"]
[EventRounds "6"]
[EventCountry "BRA"]
[SourceTitle "EXT 2016"]
[Source "ChessBase"]
[SourceDate "2015.10.08"]
[SourceVersion "1"]
[SourceVersionDate "2015.10.08"]
[SourceQuality "1"]

1. e4 c5 2. Nf3 Nc6 3. Bc4 e6 4. Qe2 a6 5. c3 b5 6. Bb3 Qc7 7. O-O Bb7 8. d4
Na5 9. Bc2 cxd4 10. Nxd4 Nf6 11. Bg5 Bd6 12. f4 h6 13. Bxf6 gxf6 14. g3 h5 15.
Nd2 h4 16. Rf2 b4 17. N2b3 bxc3 18. bxc3 hxg3 19. hxg3 Qxc3 20. Rf3 Qc7 21. Bd3
Qb6 22. Kg2 Nxb3 23. Nxb3 Ke7 24. Rff1 Rh6 25. Rh1 Rg6 26. Kf3 Rag8 27. Rh3 f5
28. Re1 fxe4+ 29. Bxe4 f5 30. Bxb7 Qxb7+ 31. Kf2 Bxf4 32. Nc5 Bxg3+ 33. Rxg3
Qb6 34. Qe5 Rxg3 0-1

[Event "Matinhos Caioba-ch"]
[Site "Matinhos"]
[Date "2015.08.29"]
[Round "3"]
[White "Cubas, Jose Fernando"]
[Black "Cruz, William Ferreira Da"]
[Result "1-0"]
[WhiteElo "2413"]
[BlackElo "2239"]
[PlyCount "109"]
[EventDate "2015.08.28"]
[EventType "swiss"]
[EventRounds "6"]
[EventCountry "BRA"]
[SourceTitle "EXT 2016"]
[Source "ChessBase"]
[SourceDate "2015.10.08"]
[SourceVersion "1"]
[SourceVersionDate "2015.10.08"]
[SourceQuality "1"]

1. e4 e6 2. d4 d5 3. e5 c5 4. c3 Nc6 5. Nf3 Bd7 6. Be2 Nge7 7. Na3 cxd4 8. cxd4
Nf5 9. Nc2 Qb6 10. O-O Na5 11. Bd2 Bb5 12. Bxb5+ Qxb5 13. g4 Ne7 14. Na3 Qb6
15. Qa4+ Nac6 16. b4 Qa6 17. Qxa6 bxa6 18. Rab1 Nc8 19. Rfc1 Kd7 20. b5 axb5
21. Nxb5 Be7 22. Rc2 Rb8 23. Rbc1 Rxb5 24. Rxc6 Rb7 25. Ng5 Ba3 26. R1c2 h6 27.
Nxf7 Rf8 28. f4 Ne7 29. Ra6 Bb2 30. f5 Bxd4+ 31. Kg2 Bb6 32. Nd6 Rbb8 33. a4
exf5 34. a5 Bd4 35. e6+ Kxe6 36. Nxf5+ Ke5 37. Nxe7 Rf2+ 38. Kg3 Rb3+ 39. Rc3
Bxc3 40. Bxc3+ Rxc3+ 41. Kxf2 d4 42. Ke2 Rc2+ 43. Kd3 Rxh2 44. Rxa7 Rh3+ 45.
Kc4 Rc3+ 46. Kb4 Rc1 47. Ng6+ Ke4 48. Re7+ Kd5 49. Nf4+ Kc6 50. Re6+ Kb7 51.
Rb6+ Kc8 52. Nd3 Rc3 53. a6 Rc2 54. Kb5 Ra2 55. Re6 1-0

[Event "Matinhos Caioba-ch"]
[Site "Matinhos"]
[Date "2015.08.29"]
[Round "4"]
[White "Umetsubo, Cesar Hidemitsu"]
[Black "Cubas, Jose Fernando"]
[Result "1-0"]
[WhiteElo "2286"]
[BlackElo "2413"]
[PlyCount "61"]
[EventDate "2015.08.28"]
[EventType "swiss"]
[EventRounds "6"]
[EventCountry "BRA"]
[SourceTitle "EXT 2016"]
[Source "ChessBase"]
[SourceDate "2015.10.08"]
[SourceVersion "1"]
[SourceVersionDate "2015.10.08"]
[SourceQuality "1"]

1. d4 Nf6 2. c4 e6 3. Nc3 Bb4 4. a3 Bxc3+ 5. bxc3 d5 6. e3 O-O 7. cxd5 exd5 8.
Bd3 b6 9. Ne2 Ba6 10. O-O Re8 11. Ng3 Bxd3 12. Qxd3 c5 13. a4 Nc6 14. Ba3 c4
15. Qc2 Qd7 16. Rae1 Na5 17. f3 Nb3 18. e4 Qxa4 19. Qb2 b5 20. e5 Nd7 21. Nf5
a5 22. Bd6 Kh8 23. f4 b4 24. Re3 Nb6 25. Rg3 Qd7 26. Qc2 Nc8 27. e6 Qxe6 28.
Be5 f6 29. Nxg7 Qf7 30. Nxe8 fxe5 31. fxe5 1-0

[Event "Matinhos Caioba-ch"]
[Site "Matinhos"]
[Date "2015.08.30"]
[Round "5"]
[White "Cubas, Jose Fernando"]
[Black "Bispo, Leonardo"]
[Result "1-0"]
[WhiteElo "2413"]
[BlackElo "2196"]
[PlyCount "86"]
[EventDate "2015.08.28"]
[EventType "swiss"]
[EventRounds "6"]
[EventCountry "BRA"]
[SourceTitle "EXT 2016"]
[Source "ChessBase"]
[SourceDate "2015.10.08"]
[SourceVersion "1"]
[SourceVersionDate "2015.10.08"]
[SourceQuality "1"]

1. e4 e5 2. Nf3 Nf6 3. Nc3 Bb4 4. Nxe5 O-O 5. Be2 Re8 6. Nd3 Bxc3 7. dxc3 Nxe4
8. Nf4 c6 9. c4 Na6 10. O-O d6 11. Be3 Bf5 12. Qc1 Nf6 13. a3 Nc5 14. b4 Ne6
15. Re1 Ng4 16. Nxe6 Rxe6 17. Bg5 Qe8 18. Bd3 Rxe1+ 19. Qxe1 Bxd3 20. cxd3 Qe5
21. Qxe5 Nxe5 22. Bf4 Nxd3 23. Bxd6 Rd8 24. c5 f6 25. Kf1 Kf7 26. Ke2 Ne5 27.
Bxe5 fxe5 28. Rc1 Rd4 29. Rc3 Ke6 30. Rh3 h6 31. Rf3 Rd7 32. Re3 Kd5 33. Rd3+
Ke6 34. Rxd7 Kxd7 35. Ke3 Ke6 36. Ke4 g6 37. g3 Kf6 38. h3 Ke6 39. f3 Kf6 40.
h4 Ke6 41. g4 Kf6 42. g5+ hxg5 43. hxg5+ Kxg5 1-0

[Event "Matinhos Caioba-ch"]
[Site "Matinhos"]
[Date "2015.08.30"]
[Round "6"]
[White "Rodrigues, Edgar"]
[Black "Cubas, Jose Fernando"]
[Result "0-1"]
[WhiteElo "2329"]
[BlackElo "2413"]
[PlyCount "110"]
[EventDate "2015.08.28"]
[EventType "swiss"]
[EventRounds "6"]
[EventCountry "BRA"]
[SourceTitle "EXT 2016"]
[Source "ChessBase"]
[SourceDate "2015.10.08"]
[SourceVersion "1"]
[SourceVersionDate "2015.10.08"]
[SourceQuality "1"]

1. e4 c5 2. Nf3 Nc6 3. d4 cxd4 4. Nxd4 e5 5. Nb5 d6 6. N1c3 a6 7. Na3 Be6 8.
Be3 b5 9. Nd5 Rb8 10. Be2 Be7 11. O-O Nf6 12. f3 Qd7 13. c4 b4 14. Nc2 a5 15.
b3 O-O 16. Qd2 Rfd8 17. Kh1 h6 18. Rg1 Nh7 19. Nxe7+ Qxe7 20. Bd3 Nf8 21. g4
Ng6 22. Rg3 a4 23. Rh3 axb3 24. axb3 Ra8 25. Rb1 Ra2 26. Qc1 Rb8 27. Rg3 Nf4
28. Bxf4 exf4 29. Qxf4 g5 30. Qe3 Qf6 31. Ne1 Rba8 32. Rg2 Qd4 33. Qxd4 Nxd4
34. Nc2 Nxf3 35. Nxb4 Ra1 36. Rgb2 Bxg4 37. Nd5 R8a2 38. Rxa2 Rxa2 39. Nf6+ Kg7
40. Nxg4 h5 41. Bf1 hxg4 42. Bg2 Nd2 43. Rd1 Nxb3 44. Kg1 Nd2 45. Rc1 Kf8 46.
Rc3 Ra5 47. Rg3 Nxc4 48. Rxg4 Ne5 49. Rg3 Ng6 50. Rb3 Nh4 51. Bh3 Ra2 52. Bf1
g4 53. Rb8+ Kg7 54. Bc4 Nf3+ 55. Kf1 Nd2+ 0-1

[Event "Barreirinhas Athenas op"]
[Site "Barreirinhas"]
[Date "2015.10.16"]
[Round "2"]
[White "Cubas, Jose Fernando"]
[Black "Santos, Roberto Carlos"]
[Result "1-0"]
[WhiteElo "2409"]
[BlackElo "2089"]
[PlyCount "55"]
[EventDate "2015.10.16"]
[EventType "swiss"]
[EventRounds "6"]
[EventCountry "BRA"]
[SourceTitle "CBM 168 Extra"]
[Source "ChessBase"]
[SourceDate "2015.10.29"]
[SourceVersion "1"]
[SourceVersionDate "2015.10.29"]
[SourceQuality "1"]

1. e4 e5 2. Nf3 Nf6 3. Nc3 Nc6 4. d4 exd4 5. Nxd4 Nxd4 6. Qxd4 d6 7. Bg5 Be7 8.
O-O-O O-O 9. Bc4 a6 10. e5 Ng4 11. Bxe7 Qxe7 12. exd6 cxd6 13. Rhe1 Qg5+ 14. f4
Qc5 15. h3 Nf6 16. Qxd6 Qxd6 17. Rxd6 b5 18. Bb3 Bb7 19. g4 Rad8 20. Rxd8 Rxd8
21. Re7 Bf3 22. Rxf7 Kh8 23. a3 a5 24. g5 Ne4 25. Bd5 Nd6 26. Ra7 Bxd5 27. Nxd5
Nc4 28. b3 1-0

[Event "Barreirinhas Athenas op"]
[Site "Barreirinhas"]
[Date "2015.10.17"]
[Round "3"]
[White "Mareco, Sandro"]
[Black "Cubas, Jose Fernando"]
[Result "0-1"]
[WhiteElo "2599"]
[BlackElo "2409"]
[PlyCount "52"]
[EventDate "2015.10.16"]
[EventType "swiss"]
[EventRounds "6"]
[EventCountry "BRA"]
[SourceTitle "CBM 168 Extra"]
[Source "ChessBase"]
[SourceDate "2015.10.29"]
[SourceVersion "1"]
[SourceVersionDate "2015.10.29"]
[SourceQuality "1"]

1. d4 Nf6 2. c4 e6 3. Nf3 d5 4. g3 dxc4 5. Bg2 Nc6 6. O-O Rb8 7. Nc3 Bb4 8. Bg5
h6 9. Bxf6 Qxf6 10. e3 O-O 11. Qc2 b5 12. b3 Ba6 13. Rfb1 Bxc3 14. Qxc3 b4 15.
Qc2 e5 16. d5 Na5 17. Nd2 c3 18. a3 cxd2 19. axb4 Nb7 20. Qxd2 Bb5 21. Rxa7 Qb6
22. Rba1 Rfe8 23. e4 Nd6 24. Qc3 Re7 25. Qc5 Bd3 26. Rd1 Bxe4 0-1

[Event "Barreirinhas Athenas op"]
[Site "Barreirinhas"]
[Date "2015.10.17"]
[Round "4"]
[White "Cubas, Jose Fernando"]
[Black "Cunha, Adriano de Jesus Si"]
[Result "1-0"]
[WhiteElo "2409"]
[BlackElo "1984"]
[PlyCount "95"]
[EventDate "2015.10.16"]
[EventType "swiss"]
[EventRounds "6"]
[EventCountry "BRA"]
[SourceTitle "CBM 168 Extra"]
[Source "ChessBase"]
[SourceDate "2015.10.29"]
[SourceVersion "1"]
[SourceVersionDate "2015.10.29"]
[SourceQuality "1"]

1. e4 e6 2. d4 d5 3. e5 c5 4. c3 Qb6 5. Nf3 Bd7 6. Be2 Bb5 7. Bxb5+ Qxb5 8. a4
Qb6 9. dxc5 Bxc5 10. b4 Be7 11. O-O Nd7 12. Na3 Qc7 13. Be3 a6 14. Qd4 f6 15.
Bf4 Qb6 16. Qd3 fxe5 17. Nxe5 Nxe5 18. Bxe5 Nf6 19. Rae1 O-O 20. Qh3 Ne4 21.
Nc4 Qc6 22. Na5 Qd7 23. f3 Ng5 24. Qg4 g6 25. h4 Nf7 26. Bd4 Nd8 27. h5 Qe8 28.
Nxb7 Nxb7 29. Qxe6+ Qf7 30. Qxe7 Rae8 31. Qg5 Nd8 32. hxg6 hxg6 33. Qh4 Qh7 34.
Qxh7+ Kxh7 35. Rxe8 Rxe8 36. Kf2 Ne6 37. Rh1+ Kg8 38. Rh8+ Kf7 39. Rh7+ Kg8 40.
Rh8+ Kf7 41. Rxe8 Kxe8 42. Kg3 Kd7 43. Kg4 Ke7 44. f4 Kd7 45. f5 gxf5+ 46. Kxf5
Ke7 47. Ke5 Kd7 48. g4 1-0

[Event "Barreirinhas Athenas op"]
[Site "Barreirinhas"]
[Date "2015.10.18"]
[Round "5"]
[White "Diamant, Andre"]
[Black "Cubas, Jose Fernando"]
[Result "0-1"]
[WhiteElo "2492"]
[BlackElo "2409"]
[PlyCount "80"]
[EventDate "2015.10.16"]
[EventType "swiss"]
[EventRounds "6"]
[EventCountry "BRA"]
[SourceTitle "CBM 168 Extra"]
[Source "ChessBase"]
[SourceDate "2015.10.29"]
[SourceVersion "1"]
[SourceVersionDate "2015.10.29"]
[SourceQuality "1"]

1. c4 e6 2. g3 Nf6 3. Bg2 d5 4. Nf3 dxc4 5. Qa4+ Nbd7 6. Qxc4 c5 7. O-O b6 8.
d4 Bb7 9. Nc3 Rc8 10. Rd1 a6 11. Qd3 b5 12. dxc5 Bxc5 13. Ng5 Bxg2 14. Kxg2 O-O
15. Nce4 h6 16. Nxc5 Rxc5 17. Nf3 Rd5 18. Qb3 Rxd1 19. Qxd1 Qa8 20. a4 b4 21.
Qd6 a5 22. Be3 Rc8 23. Rd1 Rc2 24. Rd2 Ne4 25. Qxd7 Nxd2 26. Bxd2 Qd5 27. Qe8+
Kh7 28. Be3 f6 29. Kh3 Rxe2 30. Nd4 Rxb2 31. Qf7 h5 32. Kh4 Kh8 33. Nxe6 Qe4+
34. Kxh5 Qf3+ 35. Kh4 g5+ 36. Kh3 Qf5+ 37. Kg2 Qe4+ 38. Kh3 Qh7+ 39. Qxh7+ Kxh7
40. Nc5 Kg6 0-1

[Event "Barreirinhas Athenas op"]
[Site "Barreirinhas"]
[Date "2015.10.18"]
[Round "6"]
[White "Cubas, Jose Fernando"]
[Black "Quintiliano Pinto, Renato Rodrigues"]
[Result "1/2-1/2"]
[WhiteElo "2409"]
[BlackElo "2443"]
[PlyCount "28"]
[EventDate "2015.10.16"]
[EventType "swiss"]
[EventRounds "6"]
[EventCountry "BRA"]
[SourceTitle "CBM 168 Extra"]
[Source "ChessBase"]
[SourceDate "2015.10.29"]
[SourceVersion "1"]
[SourceVersionDate "2015.10.29"]
[SourceQuality "1"]

1. e4 c5 2. Nf3 d6 3. d4 cxd4 4. Nxd4 Nf6 5. Nc3 g6 6. Be2 Bg7 7. O-O Nc6 8.
Nb3 O-O 9. Bg5 a6 10. Re1 Nd7 11. Qd2 b5 12. Bh6 Bxh6 13. Qxh6 b4 14. Nd5 a5
1/2-1/2

[Event "PAR-ch"]
[Site "Asuncion"]
[Date "2015.12.09"]
[Round "1"]
[White "Cubas, Jose Fernando"]
[Black "Heinechen, Juan"]
[Result "1-0"]
[WhiteElo "2425"]
[BlackElo "1944"]
[PlyCount "77"]
[EventDate "2015.12.09"]
[EventType "tourn"]
[EventRounds "11"]
[EventCountry "PAR"]
[SourceTitle "EXT 2017"]
[Source "ChessBase"]
[SourceDate "2016.10.25"]
[SourceVersion "1"]
[SourceVersionDate "2016.10.25"]
[SourceQuality "1"]

1. e4 c5 2. Nf3 g6 3. d4 cxd4 4. Nxd4 Bg7 5. c4 d6 6. Nc3 Nf6 7. Be2 Nc6 8. Be3
O-O 9. Qd2 Nxd4 10. Bxd4 Bd7 11. O-O a5 12. Kh1 Bc6 13. f3 a4 14. Rad1 Qa5 15.
Rfe1 Rfc8 16. Bf1 Nd7 17. Bxg7 Kxg7 18. f4 a3 19. b3 f6 20. Be2 Nc5 21. Qe3 e5
22. f5 Rc7 23. Bg4 Rd8 24. fxg6 hxg6 25. Qg3 Re7 26. Bf5 g5 27. Nd5 Bxd5 28.
Rxd5 b5 29. cxb5 Qxb5 30. Qf3 Qb4 31. Red1 Ne6 32. Qh5 Nf8 33. R5d3 Rc7 34. h4
Rc3 35. hxg5 Rxd3 36. Rxd3 Qe1+ 37. Kh2 Nd7 38. Qh6+ Kf7 39. Qh7+ 1-0

[Event "PAR-ch"]
[Site "Asuncion"]
[Date "2015.12.10"]
[Round "2"]
[White "Latorre Lopez Moreira, Luis Matias"]
[Black "Cubas, Jose Fernando"]
[Result "1/2-1/2"]
[WhiteElo "2290"]
[BlackElo "2425"]
[PlyCount "62"]
[EventDate "2015.12.09"]
[EventType "tourn"]
[EventRounds "11"]
[EventCountry "PAR"]
[SourceTitle "EXT 2017"]
[Source "ChessBase"]
[SourceDate "2016.10.25"]
[SourceVersion "1"]
[SourceVersionDate "2016.10.25"]
[SourceQuality "1"]

1. d4 Nf6 2. c4 e6 3. Nf3 d5 4. Nc3 Bb4 5. Bd2 dxc4 6. e3 c5 7. Bxc4 O-O 8. a3
Bxc3 9. Bxc3 Ne4 10. Rc1 Nxc3 11. Rxc3 cxd4 12. Qxd4 Nc6 13. Qe4 Qf6 14. O-O
Rd8 15. Rfc1 Bd7 16. Qb1 Be8 17. Bd3 g6 18. Be4 Rd6 19. Rd1 Rad8 20. Rcd3 Rxd3
21. Rxd3 Rxd3 22. Bxd3 h5 23. Be4 g5 24. Qc1 g4 25. Nd4 Nxd4 26. exd4 Qxd4 27.
Bxb7 h4 28. Ba6 g3 29. hxg3 hxg3 30. Qg5+ Kf8 31. Qxg3 Qxb2 1/2-1/2

[Event "PAR-ch"]
[Site "Asuncion"]
[Date "2015.12.11"]
[Round "3"]
[White "Cubas, Jose Fernando"]
[Black "Kropff, Ricardo"]
[Result "1-0"]
[WhiteElo "2425"]
[BlackElo "2224"]
[PlyCount "45"]
[EventDate "2015.12.09"]
[EventType "tourn"]
[EventRounds "11"]
[EventCountry "PAR"]
[SourceTitle "EXT 2017"]
[Source "ChessBase"]
[SourceDate "2016.10.25"]
[SourceVersion "1"]
[SourceVersionDate "2016.10.25"]
[SourceQuality "1"]

1. e4 e5 2. Nf3 Nc6 3. d4 exd4 4. Nxd4 Bc5 5. Nb3 Bb6 6. Nc3 Nf6 7. Qe2 O-O 8.
Bg5 h6 9. Bh4 d5 10. Nxd5 g5 11. O-O-O Nxd5 12. Bg3 Nc3 13. bxc3 Qe7 14. h4
Qa3+ 15. Kb1 Be6 16. hxg5 Na5 17. Rxh6 Nc4 18. Qxc4 Bxc4 19. Bxc4 Rfe8 20. Rdh1
Kf8 21. Rh7 Ke7 22. Rxf7+ Kd8 23. g6 1-0

[Event "PAR-ch"]
[Site "Asuncion"]
[Date "2015.12.12"]
[Round "4"]
[White "Cubas, Jose Fernando"]
[Black "Almiron, Antonio"]
[Result "1-0"]
[WhiteElo "2425"]
[BlackElo "2307"]
[PlyCount "167"]
[EventDate "2015.12.09"]
[EventType "tourn"]
[EventRounds "11"]
[EventCountry "PAR"]
[SourceTitle "EXT 2017"]
[Source "ChessBase"]
[SourceDate "2016.10.25"]
[SourceVersion "1"]
[SourceVersionDate "2016.10.25"]
[SourceQuality "1"]

1. e4 c5 2. Nf3 d6 3. d4 cxd4 4. Nxd4 Nf6 5. Nc3 a6 6. Bg5 e6 7. Bc4 b5 8. Bb3
Be7 9. Qf3 Qb6 10. O-O-O O-O 11. Qg3 b4 12. Na4 Qc7 13. Bh6 Ne8 14. Kb1 Bd7 15.
Be3 Qa5 16. Nf5 Bxa4 17. Nxe7+ Kh8 18. Bxa4 Qxa4 19. Nc8 b3 20. axb3 Qxe4 21.
Nxd6 Nxd6 22. Rxd6 Nc6 23. Bc5 Rfc8 24. Rhd1 Qf5 25. Qe3 a5 26. Bb6 Nb4 27. Qc5
Nd5 28. Rc6 Rcb8 29. Bxa5 h6 30. g3 Rxb3 31. Rc8+ Rxc8 32. Qxc8+ Kh7 33. Rxd5
Qxd5 34. cxb3 Qxa5 35. Qc3 Qd5 36. b4 f5 37. f4 Qd1+ 38. Ka2 Qd5+ 39. Ka3 Qa8+
40. Kb3 Qd5+ 41. Qc4 Qd1+ 42. Kc3 Qc1+ 43. Kb3 Qd1+ 44. Kc3 Qc1+ 45. Kd4 Qxb2+
46. Qc3 Qxh2 47. b5 Qg1+ 48. Ke5 Qb6 49. Qc6 Qe3+ 50. Kd6 Qxg3 51. b6 Qxf4+ 52.
Kd7 Qd4+ 53. Kc8 Qf6 54. b7 Qf8+ 55. Kd7 Qf7+ 56. Kd6 Qf8+ 57. Kc7 Qe7+ 58. Kb6
Qb4+ 59. Qb5 Qd6+ 60. Ka7 Qa3+ 61. Qa6 Qc5+ 62. Ka8 Qd5 63. Kb8 Qd8+ 64. Ka7
Qd4+ 65. Qb6 Qa4+ 66. Kb8 Qe8+ 67. Kc7 Qe7+ 68. Kc6 Qe8+ 69. Kc5 Qb8 70. Qc6 h5
71. Kb6 Qd8+ 72. Kc5 h4 73. Qd6 Qa5+ 74. Kc6 Qa4+ 75. Kc7 Qa5+ 76. Kc8 Qc3+ 77.
Qc7 Qxc7+ 78. Kxc7 Kg6 79. b8=Q Kg5 80. Kd6 Kg4 81. Ke5 g5 82. Qb1 h3 83. Kxe6
f4 84. Kd5 1-0

[Event "PAR-ch"]
[Site "Asuncion"]
[Date "2015.12.13"]
[Round "5"]
[White "Gomez Dacak, Franklin Paul"]
[Black "Cubas, Jose Fernando"]
[Result "0-1"]
[WhiteElo "1716"]
[BlackElo "2425"]
[PlyCount "60"]
[EventDate "2015.12.09"]
[EventType "tourn"]
[EventRounds "11"]
[EventCountry "PAR"]
[SourceTitle "EXT 2017"]
[Source "ChessBase"]
[SourceDate "2016.10.25"]
[SourceVersion "1"]
[SourceVersionDate "2016.10.25"]
[SourceQuality "1"]

1. d4 Nf6 2. Bf4 c5 3. c3 Qb6 4. Qb3 d6 5. Nd2 Be6 6. Qxb6 axb6 7. a3 Nc6 8.
Ngf3 Nh5 9. Bg3 Nxg3 10. hxg3 d5 11. e3 Bd7 12. Bd3 g6 13. Ng5 e5 14. Rxh7 Rxh7
15. Nxh7 Be7 16. dxe5 Nxe5 17. Bc2 O-O-O 18. Ke2 Bb5+ 19. Ke1 Rh8 20. f3 Rxh7
21. Kf2 Bd3 22. Bb3 c4 23. Ba2 f5 24. a4 g5 25. b4 Bf6 26. Rc1 Ng6 27. Nb1 f4
28. exf4 gxf4 29. gxf4 Nxf4 30. Nd2 Ne2 0-1

[Event "PAR-ch"]
[Site "Asuncion"]
[Date "2015.12.14"]
[Round "6"]
[White "Cubas, Jose Fernando"]
[Black "Pereira, Sergio1"]
[Result "1-0"]
[WhiteElo "2425"]
[BlackElo "1885"]
[PlyCount "71"]
[EventDate "2015.12.09"]
[EventType "tourn"]
[EventRounds "11"]
[EventCountry "PAR"]
[SourceTitle "EXT 2017"]
[Source "ChessBase"]
[SourceDate "2016.10.25"]
[SourceVersion "1"]
[SourceVersionDate "2016.10.25"]
[SourceQuality "1"]

1. e4 c5 2. Nf3 d6 3. d4 cxd4 4. Nxd4 Nf6 5. Nc3 a6 6. Be2 e5 7. Nb3 Be7 8. O-O
O-O 9. Kh1 Nc6 10. f4 b5 11. a4 b4 12. Nd5 Nxe4 13. Bf3 f5 14. Nxe7+ Nxe7 15.
fxe5 dxe5 16. Qxd8 Rxd8 17. Nc5 a5 18. Nxe4 fxe4 19. Bxe4 Ba6 20. Re1 Rac8 21.
Bg5 Rc7 22. Be3 Nd5 23. Rad1 Rcd7 24. Bf5 Rd6 25. Bc5 Rc6 26. Be7 Nxe7 27.
Rxd8+ Kf7 28. Rxe5 Kf6 29. Rxa5 g6 30. Bd3 Bxd3 31. Rxd3 Rxc2 32. g4 Rxb2 33.
Rd6+ Kf7 34. Re5 Ng8 35. g5 Ra2 36. Rd7+ 1-0

[Event "PAR-ch"]
[Site "Asuncion"]
[Date "2015.12.15"]
[Round "7"]
[White "Zacarias, M Ruben D"]
[Black "Cubas, Jose Fernando"]
[Result "0-1"]
[WhiteElo "2208"]
[BlackElo "2425"]
[PlyCount "70"]
[EventDate "2015.12.09"]
[EventType "tourn"]
[EventRounds "11"]
[EventCountry "PAR"]
[SourceTitle "EXT 2017"]
[Source "ChessBase"]
[SourceDate "2016.10.25"]
[SourceVersion "1"]
[SourceVersionDate "2016.10.25"]
[SourceQuality "1"]

1. e4 c5 2. Nf3 d6 3. d4 cxd4 4. Nxd4 Nf6 5. Nc3 g6 6. Be3 Bg7 7. f3 Nc6 8. Qd2
O-O 9. O-O-O d5 10. Qe1 e6 11. h4 Qc7 12. Kb1 Nxd4 13. Bxd4 dxe4 14. Nxe4 e5
15. Bc5 Re8 16. Bd6 Qc6 17. Qb4 a5 18. Qc5 Nxe4 19. Qxc6 bxc6 20. fxe4 Bg4 21.
Re1 Ra7 22. Bc4 Bf8 23. Bxf8 Kxf8 24. Rhf1 Kg7 25. Rf2 Rd7 26. Ref1 f5 27. Bd3
f4 28. Rg1 h6 29. g3 f3 30. a4 g5 31. Rh1 Kg6 32. Kc1 Rb8 33. Kd2 Rxb2 34. Kc3
Rb4 35. Ra1 Rdd4 0-1